Normal view
MARC view
Entry Geographic Name
001 - CONTROL NUMBER
- control field: 3434
003 - CONTROL NUMBER IDENTIFIER
- control field: ARRUPE
005 - DATE AND TIME OF LATEST TRANSACTION
- control field: 20131106170419.0
008 - FIXED-LENGTH DATA ELEMENTS
- fixed length control field: 131106|| aca||aabn | a|a d
040 ## - CATALOGING SOURCE
- Original cataloging agency: ARRUPE
- Transcribing agency: ARRUPE
151 ## - HEADING--GEOGRAPHIC NAME
- Geographic name: Zambia
- General subdivision: Politics and government
- Chronological subdivision: 1964-1991.
670 ## - SOURCE DATA FOUND
- Source citation: Work cat.: (ARRUPE)0: Mumba, Goodwin Yoram, 1938- 3431, The 1980 coup :, c2012.